El ser humano según Teilhard de Chardin

Guardat en:
Dades bibliogràfiques
Autor principal: Chauchard, Paul (Autor)
Format: Llibre
Idioma:espanyol
Publicat: Barcelona Herder 1966
Edició:2a. ed
Matèries:
Etiquetes: Afegir etiqueta
Sense etiquetes, Sigues el primer a etiquetar aquest registre!

MARC

LEADER 00000nam a2200000 a 4500
001 UCL5174
003 CL-VaPUC
008 040305e19660000SP |||||||||||||||||spa|d
082 0 4 |a 194  |b CHA  |2 21 
100 0 |a Chauchard, Paul  |e author  |9 482880 
245 1 3 |a El ser humano según Teilhard de Chardin 
250 |a 2a. ed 
300 |a 229 p 
942 |c BK 
945 |d 20040305 00:00:00  |a vberengu 
260 |a Barcelona  |b Herder  |c 1966 
600 0 |a Teilhard de Chardin, Pierre   |f 1881-1955  |9 482881 
650 0 |a Filosofía francesa   |9 255698 
650 0 |a Crítica e interpretación   |9 255042 
650 0 |a Filosofía de la religión   |9 256017 
650 0 |a Evolución humana   |9 266935 
583 |a last modification  |c 20170530 05:30:43  |k Rodrigo Vera 
999 |c 307842  |d 307840 
952 |0 0  |1 0  |4 0  |6 194_000000000000000_CHA_1966  |7 0  |8 A  |9 373974  |a BIBTEO  |b BIBTEO  |d 2019-11-21  |i 2104857  |o 194 CHA 1966  |p 2104857  |r 2025-01-17  |w 2019-11-21  |y BK  |k ICR